[Event "Rapid Tournament (RAP)"]
[Site "Biel, CH"]
[Date "2025.07.13"]
[Round "6"]
[White "Jordan, Christina"]
[Black "Buerki, Gilles"]
[Result "1-0"]
[Board "46"]
[WhiteFideId "1347977"]
[BlackFideId "1313541"]
[WhiteElo "1710"]
[BlackElo "1879"]
[WhiteTeam "SUI"]
[BlackTeam "SUI"]
[WhiteClock "0:00:38"]
[BlackClock "0:01:48"]
[Variant "Standard"]

1. e4 {[%clk 0:15:09]}  c6 {[%clk 0:15:09]} 2. Nc3 {[%clk 0:15:11]}  d5 {[%clk 0:15:13]} 3. Nf3 {[%clk 0:15:15]}  Bg4 {[%clk 0:15:16]} 4. h3 {[%clk 0:15:17]}  Bxf3 {[%clk 0:15:19]} 5. Qxf3 {[%clk 0:15:21]}  Nf6 {[%clk 0:15:22]} 6. exd5 {[%clk 0:15:16]}  cxd5 {[%clk 0:15:23]} 7. d4 {[%clk 0:15:17]}  Nc6 {[%clk 0:15:18]} 8. Be3 {[%clk 0:15:12]}  e6 {[%clk 0:15:17]} 9. a3 {[%clk 0:15:06]}  Be7 {[%clk 0:15:06]} 10. Bd3 {[%clk 0:15:03]}  Qb6 {[%clk 0:14:55]} 11. Na4 {[%clk 0:14:39]}  Qa5+ {[%clk 0:14:35]} 12. Nc3 {[%clk 0:14:43]}  Nb4 {[%clk 0:12:23]} 13. Bd2 {[%clk 0:13:12]}  Nxd3+ {[%clk 0:12:22]} 14. Qxd3 {[%clk 0:13:23]}  a6 {[%clk 0:11:47]} 15. O-O {[%clk 0:13:16]}  O-O {[%clk 0:11:36]} 16. Qg3 {[%clk 0:13:01]}  Rfc8 {[%clk 0:11:08]} 17. Bh6 {[%clk 0:12:06]}  Ne8 {[%clk 0:10:07]} 18. Bd2 {[%clk 0:11:11]}  Qb6 {[%clk 0:09:48]} 19. Qd3 {[%clk 0:10:59]}  Bf6 {[%clk 0:09:30]} 20. Ne2 {[%clk 0:09:18]}  Qxb2 {[%clk 0:09:10]} 21. c3 {[%clk 0:09:07]}  Qb6 {[%clk 0:08:47]} 22. Rfb1 {[%clk 0:08:31]}  Qc6 {[%clk 0:08:40]} 23. Ng3 {[%clk 0:07:46]}  b5 {[%clk 0:08:11]} 24. Nh5 {[%clk 0:07:10]}  Qc4 {[%clk 0:07:01]} 25. Qf3 {[%clk 0:06:45]}  Be7 {[%clk 0:06:36]} 26. Nf4 {[%clk 0:05:41]}  Nf6 {[%clk 0:06:03]} 27. Rc1 {[%clk 0:04:55]}  Ne4 {[%clk 0:05:58]} 28. Be1 {[%clk 0:04:55]}  Bg5 {[%clk 0:05:34]} 29. Rc2 {[%clk 0:04:20]}  Bxf4 {[%clk 0:05:20]} 30. Qxf4 {[%clk 0:04:16]}  Qb3 {[%clk 0:04:34]} 31. Qc1 {[%clk 0:04:09]}  Rc4 {[%clk 0:04:20]} 32. Rb1 {[%clk 0:03:17]}  Qa4 {[%clk 0:04:23]} 33. Rb4 {[%clk 0:02:58]}  Qa5 {[%clk 0:04:14]} 34. Rxc4 {[%clk 0:02:44]}  bxc4 {[%clk 0:04:07]} 35. f3 {[%clk 0:02:44]}  Nd6 {[%clk 0:03:55]} 36. Rb2 {[%clk 0:02:10]}  Nb5 {[%clk 0:03:49]} 37. Ra2 {[%clk 0:02:12]}  Qa4 {[%clk 0:03:44]} 38. Bd2 {[%clk 0:01:38]}  Rb8 {[%clk 0:03:02]} 39. Ra1 {[%clk 0:01:14]}  Rb7 {[%clk 0:02:57]} 40. Rb1 {[%clk 0:01:00]}  Nd6 {[%clk 0:02:47]} 41. Rxb7 {[%clk 0:00:28]}  Nxb7 {[%clk 0:02:51]} 42. Qb2 {[%clk 0:00:32]}  Qb5 {[%clk 0:02:51]} 43. Qxb5 {[%clk 0:00:31]}  axb5 {[%clk 0:02:55]} 44. Kf2 {[%clk 0:00:34]}  Kf8 {[%clk 0:02:38]} 45. Ke2 {[%clk 0:00:30]}  Ke7 {[%clk 0:02:41]} 46. Be3 {[%clk 0:00:22]}  Kd7 {[%clk 0:02:37]} 47. Kd2 {[%clk 0:00:26]}  Kc6 {[%clk 0:02:36]} 48. Kc2 {[%clk 0:00:28]}  Na5 {[%clk 0:02:32]} 49. Kb2 {[%clk 0:00:29]}  Nb3 {[%clk 0:02:35]} 50. Bf4 {[%clk 0:00:27]}  Kb6 {[%clk 0:02:32]} 51. h4 {[%clk 0:00:27]}  Ka5 {[%clk 0:02:36]} 52. Bc7+ {[%clk 0:00:30]}  Ka4 {[%clk 0:02:40]} 53. Bf4 {[%clk 0:00:33]}  Na5 {[%clk 0:02:40]} 54. Bd6 {[%clk 0:00:29]}  Nb7 {[%clk 0:02:37]} 55. Bf8 {[%clk 0:00:33]}  g6 {[%clk 0:02:39]} 56. g3 {[%clk 0:00:35]}  Nd8 {[%clk 0:02:30]} 57. Bg7 {[%clk 0:00:29]}  Nc6 {[%clk 0:02:29]} 58. f4 {[%clk 0:00:21]}  Ne7 {[%clk 0:02:31]} 59. g4 {[%clk 0:00:16]}  h5 {[%clk 0:02:35]} 60. gxh5 {[%clk 0:00:16]}  gxh5 {[%clk 0:02:38]} 61. Bf6 {[%clk 0:00:18]}  Ng6 {[%clk 0:02:02]} 62. Bg5 {[%clk 0:00:21]}  f6 {[%clk 0:01:51]} 63. Bxf6 {[%clk 0:00:23]}  Nxf4 {[%clk 0:01:54]} 64. Bg5 {[%clk 0:00:25]}  Nd3+ {[%clk 0:01:48]} 65. Ka2 {[%clk 0:00:26]}  Nc1+ {[%clk 0:01:43]} 66. Bxc1 {[%clk 0:00:29]}  Ka5 {[%clk 0:01:37]} 67. Kb2 {[%clk 0:00:29]}  Kb6 {[%clk 0:01:40]} 68. Bg5 {[%clk 0:00:32]}  Kc6 {[%clk 0:01:45]} 69. Bf6 {[%clk 0:00:36]}  Kd6 {[%clk 0:01:48]} 70. Be5+ {[%clk 0:00:38]} 1-0

[Event "Rapid Tournament (RAP)"]
[Site "Biel, CH"]
[Date "2025.07.13"]
[Round "6"]
[White "Varela Tavares, Goncalo"]
[Black "Moesching, Colin"]
[Result "1-0"]
[Board "47"]
[WhiteFideId "1344773"]
[BlackFideId "1345036"]
[WhiteElo "1829"]
[BlackElo "1751"]
[WhiteTeam "SUI"]
[BlackTeam "SUI"]
[WhiteClock "0:03:32"]
[BlackClock "0:00:59"]
[Variant "Standard"]

1. Nf3 {[%clk 0:15:09]}  d5 {[%clk 0:13:45]} 2. d4 {[%clk 0:15:11]}  Nf6 {[%clk 0:13:47]} 3. Bf4 {[%clk 0:15:08]}  e6 {[%clk 0:13:45]} 4. e3 {[%clk 0:15:07]}  Bd6 {[%clk 0:13:47]} 5. Ne5 {[%clk 0:15:02]}  c5 {[%clk 0:12:57]} 6. Bd3 {[%clk 0:14:35]}  Qc7 {[%clk 0:12:14]} 7. Bg3 {[%clk 0:14:15]}  Nbd7 {[%clk 0:12:16]} 8. Nxd7 {[%clk 0:13:46]}  Bxd7 {[%clk 0:12:11]} 9. O-O {[%clk 0:12:57]}  O-O {[%clk 0:12:05]} 10. Bxd6 {[%clk 0:12:55]}  Qxd6 {[%clk 0:12:06]} 11. c3 {[%clk 0:12:43]}  e5 {[%clk 0:12:08]} 12. Nd2 {[%clk 0:12:35]}  Rac8 {[%clk 0:10:12]} 13. dxe5 {[%clk 0:11:50]}  Qxe5 {[%clk 0:10:15]} 14. Nf3 {[%clk 0:11:15]}  Qe7 {[%clk 0:10:13]} 15. h3 {[%clk 0:11:08]}  Rfd8 {[%clk 0:10:16]} 16. Qc2 {[%clk 0:11:07]}  Bc6 {[%clk 0:09:32]} 17. Rfe1 {[%clk 0:10:01]}  Ne4 {[%clk 0:09:35]} 18. Nd2 {[%clk 0:09:42]}  Re8 {[%clk 0:08:18]} 19. Nxe4 {[%clk 0:09:12]}  dxe4 {[%clk 0:08:20]} 20. Be2 {[%clk 0:08:31]}  Red8 {[%clk 0:08:02]} 21. Red1 {[%clk 0:08:03]}  Rc7 {[%clk 0:07:31]} 22. Rxd8+ {[%clk 0:07:25]}  Qxd8 {[%clk 0:07:35]} 23. Bg4 {[%clk 0:06:50]}  Qd3 {[%clk 0:06:01]} 24. Rd1 {[%clk 0:06:01]}  Rd7 {[%clk 0:04:28]} 25. Rxd3 {[%clk 0:05:44]}  exd3 {[%clk 0:04:31]} 26. Qd2 {[%clk 0:05:36]}  Rd8 {[%clk 0:04:35]} 27. c4 {[%clk 0:05:28]}  Be4 {[%clk 0:04:14]} 28. Bf3 {[%clk 0:05:13]}  f5 {[%clk 0:04:04]} 29. Bxe4 {[%clk 0:05:10]}  fxe4 {[%clk 0:04:08]} 30. f3 {[%clk 0:05:14]}  Kf7 {[%clk 0:03:31]} 31. fxe4 {[%clk 0:05:14]}  Ke6 {[%clk 0:03:35]} 32. Kf2 {[%clk 0:04:42]}  Ke5 {[%clk 0:03:39]} 33. Ke1 {[%clk 0:04:25]}  Kxe4 {[%clk 0:03:41]} 34. Qf2 {[%clk 0:04:06]}  d2+ {[%clk 0:02:23]} 35. Kd1 {[%clk 0:04:08]}  h6 {[%clk 0:00:59]} 36. Qh4+ {[%clk 0:03:32]} 1-0

[Event "Rapid Tournament (RAP)"]
[Site "Biel, CH"]
[Date "2025.07.13"]
[Round "6"]
[White "Dalay, Hakki Dogan"]
[Black "Mikavica, Dragoljub"]
[Result "1-0"]
[Board "48"]
[WhiteFideId "1364782"]
[BlackFideId "1308726"]
[WhiteElo "1795"]
[BlackElo "1980"]
[WhiteTeam "SUI"]
[BlackTeam "SUI"]
[WhiteClock "0:06:55"]
[BlackClock "0:08:55"]
[Variant "Standard"]

1. d4 {[%clk 0:15:06]}  g6 {[%clk 0:15:10]} 2. c4 {[%clk 0:15:10]}  Nf6 {[%clk 0:15:14]} 3. Nf3 {[%clk 0:15:13]}  Bg7 {[%clk 0:15:18]} 4. Nc3 {[%clk 0:15:02]}  c6 {[%clk 0:15:21]} 5. e4 {[%clk 0:14:50]}  d5 {[%clk 0:15:25]} 6. e5 {[%clk 0:13:53]}  Ng8 {[%clk 0:15:28]} 7. cxd5 {[%clk 0:13:52]}  cxd5 {[%clk 0:15:31]} 8. Qb3 {[%clk 0:12:57]}  e6 {[%clk 0:15:26]} 9. Nb5 {[%clk 0:12:18]}  Bf8 {[%clk 0:13:43]} 10. Bg5 {[%clk 0:11:55]}  Qa5+ {[%clk 0:13:39]} 11. Bd2 {[%clk 0:11:57]}  Qb6 {[%clk 0:13:26]} 12. Rc1 {[%clk 0:12:01]}  Na6 {[%clk 0:13:27]} 13. Qa4 {[%clk 0:09:41]}  Bh6 {[%clk 0:06:56]} 14. Nd6+ {[%clk 0:06:54]}  Kf8 {[%clk 0:08:55]} 15. Qe8+ {[%clk 0:06:55]} 1-0

[Event "Rapid Tournament (RAP)"]
[Site "Biel, CH"]
[Date "2025.07.13"]
[Round "6"]
[White "Pardoen, Oscar"]
[Black "Lopez, Manuel"]
[Result "1-0"]
[Board "49"]
[WhiteFideId "282499"]
[BlackFideId "1306324"]
[WhiteElo "1758"]
[BlackElo "1930"]
[WhiteTeam "BEL"]
[BlackTeam "SUI"]
[WhiteClock "0:13:39"]
[BlackClock "0:11:33"]
[Variant "Standard"]

1. e4 {[%clk 0:15:09]}  e6 {[%clk 0:15:09]} 2. d4 {[%clk 0:15:12]}  d5 {[%clk 0:15:13]} 3. Nc3 {[%clk 0:15:14]}  Nf6 {[%clk 0:15:16]} 4. exd5 {[%clk 0:15:06]}  Nxd5 {[%clk 0:15:07]} 5. Nxd5 {[%clk 0:15:02]}  exd5 {[%clk 0:15:04]} 6. Bd3 {[%clk 0:15:06]}  Nc6 {[%clk 0:14:28]} 7. Nf3 {[%clk 0:15:05]}  Bg4 {[%clk 0:14:38]} 8. Be2 {[%clk 0:14:52]}  Bd6 {[%clk 0:14:31]} 9. O-O {[%clk 0:14:52]}  O-O {[%clk 0:13:55]} 10. Be3 {[%clk 0:14:37]}  f6 {[%clk 0:13:06]} 11. c3 {[%clk 0:14:28]}  Ne7 {[%clk 0:12:50]} 12. Nd2 {[%clk 0:13:13]}  Bxe2 {[%clk 0:12:54]} 13. Qxe2 {[%clk 0:13:05]}  Nf5 {[%clk 0:12:54]} 14. Qb5 {[%clk 0:12:50]}  a6 {[%clk 0:11:40]} 15. Qxd5+ {[%clk 0:13:37]}  Kh8 {[%clk 0:11:33]} 16. Qxf5 {[%clk 0:13:39]} 1-0

[Event "Rapid Tournament (RAP)"]
[Site "Biel, CH"]
[Date "2025.07.13"]
[Round "6"]
[White "Schreiber, Edwin"]
[Black "Boner, Timm"]
[Result "1-0"]
[Board "50"]
[WhiteFideId "2011921"]
[BlackFideId "1330039"]
[WhiteElo "1863"]
[BlackElo "1732"]
[WhiteTeam "USA"]
[BlackTeam "SUI"]
[WhiteClock "0:12:38"]
[BlackClock "0:14:22"]
[Variant "Standard"]

1. e4 {[%clk 0:15:09]}  e5 {[%clk 0:15:09]} 2. Nc3 {[%clk 0:15:12]}  Nc6 {[%clk 0:15:11]} 3. Nf3 {[%clk 0:15:16]}  d6 {[%clk 0:15:14]} 4. Bb5 {[%clk 0:15:14]}  Bd7 {[%clk 0:15:12]} 5. d4 {[%clk 0:15:17]}  exd4 {[%clk 0:15:11]} 6. Nxd4 {[%clk 0:15:18]}  Nxd4 {[%clk 0:15:13]} 7. Bxd7+ {[%clk 0:15:21]}  Qxd7 {[%clk 0:15:16]} 8. Qxd4 {[%clk 0:15:24]}  Nf6 {[%clk 0:15:13]} 9. f3 {[%clk 0:14:52]}  Be7 {[%clk 0:15:14]} 10. Be3 {[%clk 0:14:39]}  O-O {[%clk 0:15:14]} 11. O-O-O {[%clk 0:14:35]}  c5 {[%clk 0:15:17]} 12. Qd2 {[%clk 0:14:29]}  Rfd8 {[%clk 0:15:14]} 13. Qf2 {[%clk 0:14:11]}  b6 {[%clk 0:15:07]} 14. e5 {[%clk 0:13:47]}  Ne8 {[%clk 0:15:04]} 15. exd6 {[%clk 0:13:13]}  Nxd6 {[%clk 0:15:05]} 16. Bf4 {[%clk 0:12:49]}  Qe6 {[%clk 0:14:52]} 17. Rhe1 {[%clk 0:12:39]}  Qf6 {[%clk 0:14:46]} 18. Nd5 {[%clk 0:12:39]}  Qh4 {[%clk 0:14:22]} 19. Nxe7+ {[%clk 0:12:38]} 1-0

[Event "Rapid Tournament (RAP)"]
[Site "Biel, CH"]
[Date "2025.07.13"]
[Round "6"]
[White "Schaller, Didier"]
[Black "Kubanyi, Robert"]
[Result "0-1"]
[Board "51"]
[WhiteFideId "1314351"]
[BlackFideId "23746866"]
[WhiteElo "1854"]
[BlackElo "1711"]
[WhiteTeam "SUI"]
[BlackTeam "CZE"]
[WhiteClock "0:01:07"]
[BlackClock "0:08:38"]
[Variant "Standard"]

1. d4 {[%clk 0:15:09]}  Nf6 {[%clk 0:15:09]} 2. c4 {[%clk 0:15:12]}  e6 {[%clk 0:15:10]} 3. Nc3 {[%clk 0:15:12]}  b6 {[%clk 0:15:10]} 4. Nf3 {[%clk 0:15:09]}  Bb4 {[%clk 0:15:13]} 5. Qb3 {[%clk 0:11:46]}  Bxc3+ {[%clk 0:15:03]} 6. Qxc3 {[%clk 0:11:49]}  O-O {[%clk 0:15:06]} 7. Bf4 {[%clk 0:11:33]}  Bb7 {[%clk 0:15:01]} 8. e3 {[%clk 0:11:22]}  d6 {[%clk 0:14:47]} 9. Be2 {[%clk 0:11:24]}  Nbd7 {[%clk 0:14:42]} 10. O-O {[%clk 0:11:17]}  Ne4 {[%clk 0:14:13]} 11. Qc2 {[%clk 0:11:07]}  f5 {[%clk 0:13:58]} 12. Rad1 {[%clk 0:10:42]}  Rf6 {[%clk 0:13:13]} 13. Nd2 {[%clk 0:08:15]}  Rg6 {[%clk 0:13:01]} 14. f3 {[%clk 0:06:06]}  Nef6 {[%clk 0:11:29]} 15. e4 {[%clk 0:03:41]}  Nh5 {[%clk 0:10:37]} 16. Bg3 {[%clk 0:02:24]}  Nxg3 {[%clk 0:10:10]} 17. hxg3 {[%clk 0:02:28]}  Qg5 {[%clk 0:10:07]} 18. exf5 {[%clk 0:02:25]}  exf5 {[%clk 0:10:02]} 19. Rf2 {[%clk 0:01:54]}  Qxg3 {[%clk 0:09:04]} 20. Qxf5 {[%clk 0:01:53]}  Rh6 {[%clk 0:08:44]} 21. Kf1 {[%clk 0:01:07]}  Rh1# {[%clk 0:08:38]} 0-1

[Event "Rapid Tournament (RAP)"]
[Site "Biel, CH"]
[Date "2025.07.13"]
[Round "6"]
[White "Letac, Loig"]
[Black "Guidi, Elia"]
[Result "0-1"]
[Board "52"]
[WhiteFideId "1367927"]
[BlackFideId "1351931"]
[WhiteElo "1847"]
[BlackElo "1653"]
[WhiteTeam "SUI"]
[BlackTeam "SUI"]
[WhiteClock "0:01:09"]
[BlackClock "0:01:04"]
[Variant "Standard"]

1. e4 {[%clk 0:15:09]}  c6 {[%clk 0:14:06]} 2. c4 {[%clk 0:15:08]}  d5 {[%clk 0:13:51]} 3. cxd5 {[%clk 0:15:11]}  cxd5 {[%clk 0:13:53]} 4. exd5 {[%clk 0:15:13]}  Qxd5 {[%clk 0:13:39]} 5. Nc3 {[%clk 0:15:14]}  Qd8 {[%clk 0:13:24]} 6. d4 {[%clk 0:15:15]}  Nf6 {[%clk 0:13:23]} 7. Nf3 {[%clk 0:15:06]}  Bg4 {[%clk 0:13:24]} 8. Be2 {[%clk 0:14:43]}  e6 {[%clk 0:13:28]} 9. Be3 {[%clk 0:13:27]}  a6 {[%clk 0:13:29]} 10. h3 {[%clk 0:12:52]}  Bh5 {[%clk 0:13:32]} 11. g4 {[%clk 0:12:39]}  Bg6 {[%clk 0:13:33]} 12. Ne5 {[%clk 0:12:41]}  Bd6 {[%clk 0:13:32]} 13. Qb3 {[%clk 0:12:20]}  b5 {[%clk 0:12:58]} 14. Bf3 {[%clk 0:12:06]}  Nbd7 {[%clk 0:11:25]} 15. Nxd7 {[%clk 0:11:30]}  Nxd7 {[%clk 0:10:56]} 16. Bxa8 {[%clk 0:11:30]}  Qxa8 {[%clk 0:11:00]} 17. Kd2 {[%clk 0:11:00]}  Qf3 {[%clk 0:10:23]} 18. Qd1 {[%clk 0:10:45]}  Qg2 {[%clk 0:09:34]} 19. Qe2 {[%clk 0:10:22]}  O-O {[%clk 0:09:17]} 20. f3 {[%clk 0:09:37]}  Qg3 {[%clk 0:09:19]} 21. Ne4 {[%clk 0:09:20]}  Bxe4 {[%clk 0:09:14]} 22. fxe4 {[%clk 0:09:23]}  Nb6 {[%clk 0:09:17]} 23. b3 {[%clk 0:09:03]}  Qh4 {[%clk 0:08:11]} 24. Rac1 {[%clk 0:08:42]}  Bb4+ {[%clk 0:08:01]} 25. Kd3 {[%clk 0:08:30]}  Qg3 {[%clk 0:07:22]} 26. Qh2 {[%clk 0:07:29]}  Qh4 {[%clk 0:06:59]} 27. Qf2 {[%clk 0:07:12]}  Qe7 {[%clk 0:06:49]} 28. Rhf1 {[%clk 0:07:05]}  Rd8 {[%clk 0:06:28]} 29. Rc6 {[%clk 0:05:53]}  Nd7 {[%clk 0:06:28]} 30. Rfc1 {[%clk 0:04:51]}  Ne5+ {[%clk 0:06:27]} 31. Ke2 {[%clk 0:04:53]}  Nxc6 {[%clk 0:06:29]} 32. Rxc6 {[%clk 0:04:56]}  Qb7 {[%clk 0:05:57]} 33. d5 {[%clk 0:03:09]}  exd5 {[%clk 0:05:37]} 34. Rb6 {[%clk 0:03:13]}  Qe7 {[%clk 0:05:01]} 35. Rxa6 {[%clk 0:02:39]}  Qxe4 {[%clk 0:05:03]} 36. Ra7 {[%clk 0:02:35]}  Qe6 {[%clk 0:04:53]} 37. Kf1 {[%clk 0:02:32]}  Re8 {[%clk 0:04:47]} 38. Bd4 {[%clk 0:02:28]}  f6 {[%clk 0:03:00]} 39. a3 {[%clk 0:02:26]}  Be1 {[%clk 0:02:56]} 40. Qf3 {[%clk 0:02:19]}  Bh4 {[%clk 0:02:40]} 41. Bf2 {[%clk 0:01:59]}  Bxf2 {[%clk 0:01:55]} 42. Qxf2 {[%clk 0:02:02]}  d4 {[%clk 0:01:54]} 43. Qd2 {[%clk 0:01:41]}  Qxb3 {[%clk 0:01:48]} 44. Qxd4 {[%clk 0:01:19]}  Qf3+ {[%clk 0:01:38]} 45. Qf2 {[%clk 0:01:07]}  Qxh3+ {[%clk 0:01:35]} 46. Qg2 {[%clk 0:01:09]}  Re1+ {[%clk 0:01:04]} 0-1

[Event "Rapid Tournament (RAP)"]
[Site "Biel, CH"]
[Date "2025.07.13"]
[Round "6"]
[White "Trubini, Timon"]
[Black "Gallus, Matthias"]
[Result "1-0"]
[Board "53"]
[WhiteFideId "1347799"]
[BlackFideId "1322761"]
[WhiteElo "1743"]
[BlackElo "1826"]
[WhiteTeam "SUI"]
[BlackTeam "SUI"]
[WhiteClock "0:01:03"]
[BlackClock "0:00:21"]
[Variant "Standard"]

1. e4 {[%clk 0:15:09]}  e6 {[%clk 0:15:07]} 2. d4 {[%clk 0:15:13]}  d5 {[%clk 0:15:11]} 3. e5 {[%clk 0:15:18]}  c5 {[%clk 0:15:10]} 4. c3 {[%clk 0:15:22]}  Nc6 {[%clk 0:15:19]} 5. Nf3 {[%clk 0:15:26]}  Qb6 {[%clk 0:15:12]} 6. a3 {[%clk 0:15:30]}  Bd7 {[%clk 0:14:57]} 7. b4 {[%clk 0:15:33]}  cxd4 {[%clk 0:14:47]} 8. cxd4 {[%clk 0:15:37]}  Nge7 {[%clk 0:14:43]} 9. Be3 {[%clk 0:15:24]}  Nf5 {[%clk 0:14:30]} 10. Nbd2 {[%clk 0:15:23]}  Nxe3 {[%clk 0:14:05]} 11. fxe3 {[%clk 0:15:27]}  Be7 {[%clk 0:14:09]} 12. Nb3 {[%clk 0:15:00]}  O-O {[%clk 0:13:52]} 13. Bd3 {[%clk 0:14:57]}  f6 {[%clk 0:13:17]} 14. Nc5 {[%clk 0:13:41]}  Rad8 {[%clk 0:13:07]} 15. exf6 {[%clk 0:13:15]}  Bxf6 {[%clk 0:12:57]} 16. O-O {[%clk 0:13:11]}  Ne7 {[%clk 0:11:39]} 17. g4 {[%clk 0:11:27]}  Ng6 {[%clk 0:10:39]} 18. g5 {[%clk 0:11:15]}  Be7 {[%clk 0:10:42]} 19. h4 {[%clk 0:10:04]}  Qc7 {[%clk 0:09:59]} 20. Kg2 {[%clk 0:09:46]}  Rxf3 {[%clk 0:08:02]} 21. Kxf3 {[%clk 0:09:11]}  Qh2 {[%clk 0:06:48]} 22. Nxd7 {[%clk 0:07:51]}  Rxd7 {[%clk 0:06:26]} 23. Bxg6 {[%clk 0:07:44]}  hxg6 {[%clk 0:05:20]} 24. Rh1 {[%clk 0:07:36]}  Qd6 {[%clk 0:05:11]} 25. Rc1 {[%clk 0:07:06]}  Rd8 {[%clk 0:05:06]} 26. Qc2 {[%clk 0:06:53]}  Rf8+ {[%clk 0:05:02]} 27. Ke2 {[%clk 0:06:56]}  Qg3 {[%clk 0:04:27]} 28. Qxg6 {[%clk 0:06:40]}  Rf2+ {[%clk 0:01:34]} 29. Kd3 {[%clk 0:06:43]}  Qf3 {[%clk 0:01:33]} 30. Qxe6+ {[%clk 0:05:09]}  Kh8 {[%clk 0:01:15]} 31. Rhe1 {[%clk 0:04:42]}  Bf8 {[%clk 0:00:51]} 32. g6 {[%clk 0:03:27]}  Ra2 {[%clk 0:00:36]} 33. Rc3 {[%clk 0:02:26]}  Qg2 {[%clk 0:00:24]} 34. Qxd5 {[%clk 0:01:26]}  Qd2+ {[%clk 0:00:26]} 35. Ke4 {[%clk 0:00:56]}  Qxe1 {[%clk 0:00:17]} 36. Qh5+ {[%clk 0:00:58]}  Kg8 {[%clk 0:00:21]} 37. Qh7# {[%clk 0:01:03]} 1-0

[Event "Rapid Tournament (RAP)"]
[Site "Biel, CH"]
[Date "2025.07.13"]
[Round "6"]
[White "Tereshchenko, Eliza"]
[Black "Stoeckli, Thomas"]
[Result "1-0"]
[Board "54"]
[WhiteFideId "34389890"]
[BlackFideId "1372319"]
[WhiteElo "1808"]
[BlackElo "1802"]
[WhiteTeam "FID"]
[BlackTeam "SUI"]
[WhiteClock "0:00:22"]
[BlackClock "0:05:11"]
[Variant "Standard"]

1. d4 {[%clk 0:15:07]}  d5 {[%clk 0:15:08]} 2. Nf3 {[%clk 0:15:09]}  Nf6 {[%clk 0:15:11]} 3. g3 {[%clk 0:15:12]}  e6 {[%clk 0:15:02]} 4. Bg2 {[%clk 0:15:12]}  Be7 {[%clk 0:15:04]} 5. O-O {[%clk 0:15:11]}  O-O {[%clk 0:15:03]} 6. c4 {[%clk 0:15:12]}  dxc4 {[%clk 0:14:34]} 7. Qc2 {[%clk 0:15:01]}  Nbd7 {[%clk 0:14:10]} 8. Qxc4 {[%clk 0:14:59]}  Nb6 {[%clk 0:14:03]} 9. Qc2 {[%clk 0:14:59]}  c6 {[%clk 0:13:35]} 10. Nc3 {[%clk 0:14:48]}  Nbd5 {[%clk 0:13:11]} 11. e4 {[%clk 0:14:05]}  Nxc3 {[%clk 0:12:59]} 12. bxc3 {[%clk 0:14:06]}  c5 {[%clk 0:12:09]} 13. Rd1 {[%clk 0:13:52]}  Qa5 {[%clk 0:11:42]} 14. Bf4 {[%clk 0:12:48]}  Rd8 {[%clk 0:10:48]} 15. Rab1 {[%clk 0:11:35]}  Bd7 {[%clk 0:08:43]} 16. Rxb7 {[%clk 0:10:50]}  Ba4 {[%clk 0:08:41]} 17. Qc1 {[%clk 0:09:12]}  Bxd1 {[%clk 0:08:40]} 18. Rxe7 {[%clk 0:07:33]}  Bxf3 {[%clk 0:08:38]} 19. Bc7 {[%clk 0:05:49]}  Qxa2 {[%clk 0:07:50]} 20. Bxf3 {[%clk 0:04:26]}  Rdc8 {[%clk 0:07:28]} 21. c4 {[%clk 0:02:00]}  Ne8 {[%clk 0:05:21]} 22. Qf4 {[%clk 0:00:24]}  f6 {[%clk 0:04:51]} 23. Bd6 {[%clk 0:00:11]}  Nxd6 {[%clk 0:04:44]} 24. Qxd6 {[%clk 0:00:14]}  Qxc4 {[%clk 0:04:44]} 25. d5 {[%clk 0:00:07]}  Rd8 {[%clk 0:04:38]} 26. Qxe6+ {[%clk 0:00:10]}  Kh8 {[%clk 0:04:41]} 27. Qf7 {[%clk 0:00:09]}  Rg8 {[%clk 0:04:45]} 28. Rc7 {[%clk 0:00:07]}  Rab8 {[%clk 0:04:47]} 29. h4 {[%clk 0:00:07]}  Rb1+ {[%clk 0:04:50]} 30. Kh2 {[%clk 0:00:10]}  Qf1 {[%clk 0:04:50]} 31. Bg2 {[%clk 0:00:11]}  Rb2 {[%clk 0:04:52]} 32. Bxf1 {[%clk 0:00:14]}  Rxf2+ {[%clk 0:04:55]} 33. Kg1 {[%clk 0:00:18]}  Rb2 {[%clk 0:04:58]} 34. Rxc5 {[%clk 0:00:21]}  Rgb8 {[%clk 0:05:00]} 35. Qxa7 {[%clk 0:00:22]}  R2b7 {[%clk 0:05:03]} 36. Qxb7 {[%clk 0:00:24]}  Re8 {[%clk 0:05:04]} 37. Rc8 {[%clk 0:00:25]}  Rg8 {[%clk 0:05:07]} 38. Rxg8+ {[%clk 0:00:19]}  Kxg8 {[%clk 0:05:11]} 39. d6 {[%clk 0:00:22]} 1-0